ការដាំត្រកួន​ (Record no. 8725)

MARC details
000 -LEADER
fixed length control field 01418nam a22002777a 4500
001 - CONTROL NUMBER
control field 8725
003 - CONTROL NUMBER IDENTIFIER
control field FISKH
005 - DATE AND TIME OF LATEST TRANSACTION
control field 20251014123524.0
008 - FIXED-LENGTH DATA ELEMENTS--GENERAL INFORMATION
fixed length control field 251014b cb ||||| |||| 00| 0 eng d
040 ## - CATALOGING SOURCE
Original cataloging agency FISKH
Language of cataloging khr
Transcribing agency FISKH
Modifying agency FISKH
050 ## - LIBRARY OF CONGRESS CALL NUMBER
Classification number PZ7
082 ## - DEWEY DECIMAL CLASSIFICATION NUMBER
Classification number 635.2
100 ## - MAIN ENTRY--PERSONAL NAME
Personal name CEDAC
245 ## - TITLE STATEMENT
Title ការដាំត្រកួន​
Statement of responsibility, etc. អ្នកនិពន្ធ សេដាក , អ្នកបោះពុម្ពផ្សាយ ហុក សុទ្ធិ , អ្នកសម្របសម្រួលបោះពុម្ពផ្សាយ ហួត សុជាតា​
250 ## - EDITION STATEMENT
Edition statement Edition Sipar 2011
260 ## - PUBLICATION, DISTRIBUTION, ETC.
Place of publication, distribution, etc. Pnom Penh :
Name of publisher, distributor, etc. Sipar ,
Date of publication, distribution, etc. 2011.
300 ## - PHYSICAL DESCRIPTION
Extent 44 pages :
Other physical details color illustrations ;
Dimensions 28 cm .
490 ## - SERIES STATEMENT
Series statement ងាយៗពី .....
520 ## - SUMMARY, ETC.
Summary, etc. សៀវភៅនេះចង់បង្ហាញដល់អ្នកអាននូវវិធីសាស្រ្តដាំត្រកួន, ការថែទាំមុនពេលប្រមូលផល​​ និងការថែទាំក្រោយពេលប្រមូលផល​ ។
520 ## - SUMMARY, ETC.
Summary, etc. This book is showing the reader how to plant the morning glory , how to take care before and after harvest .
650 ## - SUBJECT ADDED ENTRY--TOPICAL TERM
Topical term or geographic name entry element ការដាំត្រកួន
650 ## - SUBJECT ADDED ENTRY--TOPICAL TERM
Topical term or geographic name entry element How to plant morning glory
700 ## - ADDED ENTRY--PERSONAL NAME
Personal name Sophaleap , Neuk
Relator term Illustrator
942 ## - ADDED ENTRY ELEMENTS (KOHA)
Source of classification or shelving scheme Dewey Decimal Classification
Koha item type Khmer Books
Suppress in OPAC No
Holdings
Withdrawn status Lost status Source of classification or shelving scheme Damaged status Not for loan Collection Home library Current library Shelving location Date acquired Total Checkouts Full call number Barcode Date last seen Price effective from Koha item type
    Dewey Decimal Classification     Khmer Language Books / សៀវភៅភាសាខ្មែរ Footprints International School Library Network Toul Tom Poung Campus Footprints International School Library Network Toul Tom Poung Campus TTP Secondary Khmer Bookshelves 10/14/2025   CED PZ7 635.2 FIS01390 10/14/2025 10/14/2025 Khmer Books